00756nam a22001937b 4500003000500000005001700005008004100022020002300063040001400086041001500100082001300115100002100128245003700149260005400186300005400240500017900294650005400473700003500527322820250715145743.0250715b sa a|||| |||| 00| 1 eng d a9781431423286qpbk aRDAc3228 2EaEnglish aEKF STEW aStewart, Dianne  aDudu's Basket. /cDianne Stewart aPretoria : South Africa : bJacana Media, c2016. aunnumbered pages :bcolour illustrations ;c22 cm aDudu discovers the joy of community and kindness while collecting and sharing gifts in her hometown. A touching South African story celebrating generosity and cultural roots. vGenerosityxCommunity livingxBasket-makingxDudu aPulles, Elizabetheillustrator